| 000 | 00385nam a22001697a 4500 | ||
|---|---|---|---|
| 003 | SGT | ||
| 020 | _a9788190635592 | ||
| 082 |
_a616 _bB21K |
||
| 100 | _aKUNDU,ARUP.KUMAR | ||
| 245 | _aBESIDE CLINICALS IN MEDICINE | ||
| 250 | _a18TH, 7TH | ||
| 260 |
_aNEW DELHI _bCBS PUB _c2018 |
||
| 300 | _a580, 384 | ||
| 650 | _aMEDICINE | ||
| 653 | _aCLINICAL, MEDICINE | ||
| 942 |
_2ddc _cBK _015 |
||
| 999 |
_c22898 _d22898 |
||